| 000 | 01144nam a2200349 i 4500 | ||
|---|---|---|---|
| 001 | 000043544 | ||
| 003 | DO-SdBNP | ||
| 005 | 20260330091754.0 | ||
| 007 | ta | ||
| 008 | 140325s2013 dr 000 0 spa d | ||
| 020 | _a9789945165968 | ||
| 040 |
_aDO-SdBNP _bspa _cBNPHU _erda |
||
| 041 | _aspa | ||
| 082 | 4 |
_a320 _bB828p _222 |
|
| 100 | 1 |
_aBrea, Leonte, _eautor _4aut. _93365 |
|
| 245 | 1 | 3 |
_aEl político : _bradiografía íntima / _cLeonte Brea. |
| 264 | 1 |
_aSanto Domingo, República Dominicana : _bEditora Búho, _c2013. |
|
| 300 |
_a479 páginas ; _c24 cm. |
||
| 336 |
_atexto _btxt _2rdacontent |
||
| 337 |
_asin mediaciónn _bn _2rdamedia |
||
| 338 |
_avolumen _bnc _2rdacarrier |
||
| 500 | _aIncluye datos biográficos del autor en las solapas | ||
| 500 | _aIncluye referencias bibliográficas y notas al pie de las páginas | ||
| 504 | _aBibliografía: páginas 461-479 | ||
| 590 | _aInventariado, 2018/DG | ||
| 650 | 4 |
_aPolítica _944697 |
|
| 650 | 4 |
_aPolíticos _939809 |
|
| 650 |
_aÉtica política _91332 |
||
| 650 | 4 |
_aPoder (ciencias sociales) _933642 |
|
| 910 | _aValidado. Control de calidad MFF | ||
| 942 |
_2ddc _cLBS1 |
||
| 999 |
_c43033 _d43033 |
||